Nemecko-slovenský slovník

Guardado en:
Detalles Bibliográficos
Autor principal: Sandany, Artúr
Formato: Libro
Lenguaje:eslovaco
Publicado: Bratislava Topas 1991
Acceso en línea:Ver en el OPAC
Etiquetas: Agregar Etiqueta
Sin Etiquetas, Sea el primero en etiquetar este registro!

MARC

LEADER 00000nam a2200000 a 4500
005 20260127134106.0
008 040720euuuu SK 0 c
035 |a vtls001532392 
035 |a VTK9175 
039 9 |a 201607150844  |b AUTHORITY  |c 200810031004  |d mschk03  |c 200810031004  |d mschk03  |y 200504182125  |z VLOAD 
040 |a VTHK  |b slo  |c VTHK  |d STUSCHK1 
041 |a slo 
080 |a 801.323.2=30=854 
100 1 |a Sandany, Artúr  |9 479 
245 1 0 |a Nemecko-slovenský slovník 
260 |a Bratislava  |b Topas  |c 1991 
910 |a vthkonkat 
910 |a SCHK95 
999 |c 3894  |d 3894